000 00566nam a2200205Ia 4500
005 20250508163531.0
008 008 250505s9999 xx 000 0 eng d
020 _a0-87207-121-9
037 _aTextual
040 _aFEDL
_beng
_cFEDL
041 _aeng
_2eng
084 _a373.236, DUF
_qFEDL
100 _aDuffy Gerald G Ed.
_9775569
245 0 _aReading in the middle school
250 _a2
260 _aNewark
_bInternational Reading Association
_c1991
300 _axi,235p
942 _cTEXL
_h373.236, DUF
999 _c1383925
_d1383925